| 000 | 01039nac a22003257a 4500 | ||
|---|---|---|---|
| 001 | BR9102921 | ||
| 003 | BR-BrBNA | ||
| 005 | 20240105121212.0 | ||
| 008 | 230509b bl.|||m| |||| 00| 0 por d | ||
| 040 |
_aBR-BrBNA _bpor _cBiblioteca Nacional de Agricultura |
||
| 072 | _aL01 | ||
| 090 | _a9410 BR9102921 | ||
| 100 | 1 | _aAlencar, J.A. de | |
| 100 | 1 | _aAlves, A.J.R. | |
| 100 | 1 | _aPacheco, B.M. | |
| 100 | 1 | _aSalgado, M.M.T. | |
| 100 | 1 | _aBarcelos, A.F. | |
| 110 | 1 | _aEmpresa Capixaba de Pesquisa Agropecuaria, Vitoria, ES (Brasil) | |
| 245 | 1 | _aSistema de producao de leite de cabra implantado na fazenda experimental de Vargem Alta, Espirito Santo | |
| 260 | 3 |
_aVitoria, ES (Brasil): _c1990. |
|
| 300 | _a28 p. | ||
| 490 |
_aDocumentos - Empresa Capixaba de Pesquisa Agropecuaria (Brazil) _vno. 71 _xISSN 0101-8949 |
||
| 500 | _a5 ref. | ||
| 650 | _aLEITE | ||
| 650 | _aCABRA | ||
| 650 | _aPRODUCAO LEITEIRA | ||
| 650 | _aESPIRITO SANTO | ||
| 909 |
_a202312 _bLúcia Elande _c55 _dLúcia Elande |
||
| 942 |
_2AGRIS _n0 _cMS |
||
| 999 |
_c283906 _d283906 |
||